| 000 | 00378nam a22001457a 4500 | ||
|---|---|---|---|
| 003 | OSt | ||
| 008 | 250215b |||||||| |||| 00| 0 eng d | ||
| 020 | _a9788196680114 | ||
| 100 | _aVERMA, B.K | ||
| 245 | _aKnowledge Petals : Frontier of AI Data Science | ||
| 260 |
_aNew Delhi, _bNaples India; _c2024. |
||
| 300 | _a347p. | ||
| 650 | _aFaculty Publication | ||
| 942 |
_2ddc _cBK |
||
| 999 |
_c13146 _d13146 |
||